Effect of growth regulators on growth and yield of Mungbean under different late sowing conditions in Kharif-II Season / (Record no. 14638)
[ view plain ]
| 000 -LEADER | |
|---|---|
| fixed length control field | 01071nam a22002777a 4500 |
| 003 - CONTROL NUMBER IDENTIFIER | |
| control field | BD-DhSAU |
| 005 - DATE AND TIME OF LATEST TRANSACTION | |
| control field | 20190515141135.0 |
| 008 - FIXED-LENGTH DATA ELEMENTS--GENERAL INFORMATION | |
| fixed length control field | 161006b2017 bg ad||| |||| 00| 0 eng d |
| 040 ## - CATALOGING SOURCE | |
| Original cataloging agency | BD-DhSAU |
| 082 ## - DEWEY DECIMAL CLASSIFICATION NUMBER | |
| Edition number | 22 |
| Classification number | 630 |
| Item number | K5271 |
| 100 ## - MAIN ENTRY--PERSONAL NAME | |
| Personal name | Khan , A. M. Munim Hossain |
| Relator code | Registration No:17-08200 |
| 245 ## - TITLE STATEMENT | |
| Title | Effect of growth regulators on growth and yield of Mungbean under different late sowing conditions in Kharif-II Season / |
| Statement of responsibility, etc. | Khan , A. M. Munim Hossain |
| Remainder of title | Ms Thesis |
| 260 ## - PUBLICATION, DISTRIBUTION, ETC. (IMPRINT) | |
| Place of publication, distribution, etc. | Dhaka : Sher- e- Bangla Agricultural University : |
| Name of publisher, distributor, etc. | Department of Agronomy , |
| Date of publication, distribution, etc. | 2017 |
| 300 ## - PHYSICAL DESCRIPTION | |
| Extent | vii, 52 p. : |
| Other physical details | ill. ; |
| Dimensions | 30 cm. |
| 504 ## - BIBLIOGRAPHY, ETC. NOTE | |
| Bibliography, etc | Includes bibliographical references. |
| 590 ## - Name of Cataloguer | |
| Name of Cataloger | Shofi |
| 650 ## - SUBJECT ADDED ENTRY--TOPICAL TERM | |
| Topical term or geographic name as entry element | Agronomy |
| 650 ## - SUBJECT ADDED ENTRY--TOPICAL TERM | |
| Topical term or geographic name as entry element | Growth regulators |
| 650 ## - SUBJECT ADDED ENTRY--TOPICAL TERM | |
| Topical term or geographic name as entry element | Mungbean |
| 650 ## - SUBJECT ADDED ENTRY--TOPICAL TERM | |
| Topical term or geographic name as entry element | Late sowing conditions |
| 650 ## - SUBJECT ADDED ENTRY--TOPICAL TERM | |
| Topical term or geographic name as entry element | Kharif-II Season |
| 700 ## - ADDED ENTRY--PERSONAL NAME | |
| Personal name | Islam , Md. Shahidul |
| Relator code | Supervisor |
| 700 ## - ADDED ENTRY--PERSONAL NAME | |
| Personal name | Yeasmin , Marjana |
| Relator code | Co-Supervisor |
| 856 ## - ELECTRONIC LOCATION AND ACCESS | |
| Uniform Resource Identifier | <a href="http://archive.saulibrary.edu.bd:8080/xmlui/handle/123456789/2335">http://archive.saulibrary.edu.bd:8080/xmlui/handle/123456789/2335</a> |
| Link text | Online Access |
| 942 ## - ADDED ENTRY ELEMENTS (KOHA) | |
| Source of classification or shelving scheme | Dewey Decimal Classification |
| Koha item type | MS Level Thesis |
| Withdrawn status | Lost status | Source of classification or shelving scheme | Damaged status | Not for loan | Collection code | Home library | Branch Name | Date acquired | Total Checkouts | Full call number | Barcode | Date last seen | Price effective from | Koha item type |
|---|---|---|---|---|---|---|---|---|---|---|---|---|---|---|
| Dewey Decimal Classification | Not For Loan | Reference | SAU Library | SAU Library | 07/04/2019 | 630 K5271 | 41283 | 09/05/2019 | 09/05/2019 | MS Level Thesis |
